Statistics for Sweden 2018 FIFA World Cup Squad

Click here to take the quiz!

General Stats

  • This quiz has been taken 321 times
  • The average score is 13 of 24

Answer Stats

PositionPlayerClub% Correct
DFVictor LindelöfManchester United
90%
MFEmil ForsbergRB Leipzig
89%
GKRobin OlsenCopenhagen
85%
DFAndreas GranqvistKrasnodar
78%
FWMarcus BergAl Ain
78%
DFMikael LustigCeltic
69%
FWOla ToivonenToulouse
66%
DFMartin OlssonSwansea City
65%
FWJohn GuidettiAlavés
63%
DFLudwig AugustinssonWerder Bremen
61%
MFSebastian LarssonHull City
60%
MFAlbin EkdalHamburger SV
57%
DFPontus JanssonLeeds United
53%
CoachJanne Andersson
51%
MFGustav SvenssonSeattle Sounders FC
47%
MFViktor ClaessonKrasnodar
45%
MFJimmy DurmazToulouse
43%
GKKristoffer NordfeldtSwansea City
40%
FWIsaac Kiese ThelinWaasland-Beveren
38%
GKKarl-Johan JohnssonGuingamp
38%
DFFilip HelanderBologna
33%
DFEmil KrafthBologna
31%
MFOscar HiljemarkGenoa
22%
MFMarcus RohdénCrotone
17%

Score Distribution

Percentile by Number Answered

Percent of People with Each Score

Your Score History

You have not taken this quiz